|
|
|
|
| LEADER |
00000cam a22000004a 4500 |
| 001 |
musev2_36091 |
| 003 |
MdBmJHUP |
| 005 |
20230905043809.0 |
| 006 |
m o d |
| 007 |
cr||||||||nn|n |
| 008 |
140328s2014 onc o 00 0 eng d |
| 020 |
|
|
|a 9781554589678
|
| 020 |
|
|
|z 1554589673
|
| 020 |
|
|
|z 9781554589661
|
| 035 |
|
|
|a (OCoLC)875729229
|
| 040 |
|
|
|a MdBmJHUP
|c MdBmJHUP
|
| 245 |
0 |
0 |
|a With Children and Youth :
|b Emerging Theories and Practices in Child and Youth Care Work /
|c Kiaras Gharabaghi, Hans Skott-Myhre, Mark Krueger, editors.
|
| 264 |
|
1 |
|a Waterloo, Ontario :
|b Wilfrid Laurier University Press,
|c 2014.
|
| 264 |
|
3 |
|a Baltimore, Md. :
|b Project MUSE,
|c 2014
|
| 264 |
|
4 |
|c ©2014.
|
| 300 |
|
|
|a 1 online resource (220 pages).
|
| 336 |
|
|
|a text
|b txt
|2 rdacontent
|
| 337 |
|
|
|a computer
|b c
|2 rdamedia
|
| 338 |
|
|
|a online resource
|b cr
|2 rdacarrier
|
| 490 |
0 |
|
|a Studies in childhood and family in Canada
|
| 505 |
0 |
|
|a Part 1. The purpose of youth work / Kiaras Gharabaghi -- Becoming the common / Hans A. Skott-Myhre -- Stop breaking people into bits : a plea for a peopled youth work / Doug Magnuson -- Develping the profession from adolescence into adulthood : generativity versus stagnation / Carol Stuart.
|
| 505 |
0 |
|
|a Part 2. Thinking through a relational and developmental lens / Jack Phelan -- Crafting and uncrafting relationships in child and youth care : human-more-than-human encounters / Veronica Pacini-Ketchabaw -- Post-growth possibilities for child and youth care / Janet Newbury -- Insider/outsider : challenge and opportunity in teaching "the profession that never was" in the United States / Ben Anderson-Nathe.
|
| 505 |
0 |
|
|a Part 3. Reading Camus's The first ma / Mark Krueger -- Be gone, dull care / Gerry Fewster, with Cedrick of Toxteth.
|
| 520 |
|
|
|a With Children and Youth provides a snapshot of emerging theories and perspectives in the field of child and youth care across North America. Well-known scholars and researchers present new and innovative critical perspectives, written in a provocative manner and reflecting outside-the-box thinking.
|
| 546 |
|
|
|a English.
|
| 588 |
|
|
|a Description based on print version record.
|
| 650 |
|
7 |
|a Social work with youth.
|2 fast
|0 (OCoLC)fst01123565
|
| 650 |
|
7 |
|a Social work with children.
|2 fast
|0 (OCoLC)fst01123490
|
| 650 |
|
7 |
|a POLITICAL SCIENCE
|x Public Policy
|x Social Services & Welfare.
|2 bisacsh
|
| 650 |
|
7 |
|a POLITICAL SCIENCE
|x Public Policy
|x Social Security.
|2 bisacsh
|
| 650 |
|
6 |
|a Service social à la jeunesse.
|
| 650 |
|
6 |
|a Service social aux enfants.
|
| 650 |
|
0 |
|a Social work with youth.
|
| 650 |
|
0 |
|a Social work with children.
|
| 655 |
|
7 |
|a Electronic books.
|2 local
|
| 700 |
1 |
|
|a Skott-Myhre, Hans Arthur,
|e author,
|e editor.
|
| 700 |
1 |
|
|a Krueger, Mark A,
|e author,
|e editor.
|
| 700 |
1 |
|
|a Gharabaghi, Kiaras,
|d 1967-
|e author,
|e editor.
|
| 710 |
2 |
|
|a Project Muse.
|e distributor
|
| 830 |
|
0 |
|a Book collections on Project MUSE.
|
| 856 |
4 |
0 |
|z Texto completo
|u https://projectmuse.uam.elogim.com/book/36091/
|
| 945 |
|
|
|a Project MUSE - Custom Collection
|
| 945 |
|
|
|a Project MUSE - 2014 Political Science and Policy Studies
|
| 945 |
|
|
|a Project MUSE - 2014 Complete
|